|
|
|
|
| LEADER |
00000nab a2200000 a 4500 |
| 001 |
vtls000574441 |
| 003 |
SK-MaSNL |
| 005 |
20260303013100.0 |
| 008 |
160203c1995 xo 0 slo |
| 015 |
|
|
|a SNBRB19rr/mm-uuuuu
|
| 035 |
|
|
|a CL0574579
|
| 040 |
|
|
|a SNKBUCL
|b slo
|c SNKBUCL
|e AACR2
|
| 041 |
0 |
|
|a slo
|
| 044 |
|
|
|a xo
|c SK
|
| 080 |
|
|
|a 336.712(437.6)
|2 1981
|
| 100 |
1 |
|
|a (em)
|4 aut
|9 872685
|
| 245 |
1 |
0 |
|a Keď banka ponúka pomoc
|b Šanca aj pre stavebných podnikateľov ak majú vhodný podnikateľský zámer...
|c (em)
|
| 300 |
|
|
|b Sch. 1
|
| 650 |
0 |
7 |
|a Slovenská záručná banka, š.p.ú., Bratislava
|2 snkbucl
|9 920681
|
| 651 |
|
7 |
|a 5100
|2 snkbucl
|9 166206
|
| 655 |
|
7 |
|a články z novín a časopisov
|2 snkbucl
|9 267496
|
| 773 |
0 |
|
|t APS
|g Roč. 3, č. 3 (1995), s. 6-7
|x 1335-0315
|
| 850 |
|
|
|a Slovenská národná knižnica v Martine
|a MTA001
|
| 852 |
|
|
|a SNK
|b KIS3GCP
|
| 958 |
|
|
|a RK
|
| 958 |
|
|
|a SK
|
| 992 |
|
|
|a RBX
|
| 999 |
|
|
|c 1600621
|d 1602551
|